| 000 | 00519nam a2200193 i 4500 | ||
|---|---|---|---|
| 001 | bg | ||
| 100 | 1 | _aROBINSON, Edwin Simons | |
| 245 | 0 |
_aBasic physical geology / _cEdwin Simons Robinson. |
|
| 260 |
_aNew York : _bJohn Wiley & Sons, _c1982. |
||
| 300 |
_a[9],663,20 s., [1] k.tabl. : _bfot., mapy, rys. ; _c24 cm. |
||
| 650 | 9 | _aGeologia | |
| 020 | _a0471864854 | ||
| 040 | _cBPK | ||
| 041 | 0 | _aen | |
| 080 | _a551.1/.4 | ||
| 920 | _a0-471-86485-4 | ||
| 942 | _cKS | ||
| 008 | s pl f |000 0 pol | ||
| 999 |
_c30174 _d30174 |
||
| 856 |
_uhttp://koha.tu.koszalin.pl/cgi-bin/koha/opac-detail.pl?biblionumber=30174 _yKatalog online BPK |
||